[Event "LSS SF-2023-0-00530"]
[Site "LSS email"]
[Date "2023.03.02"]
[Round "?"]
[White "Rocek, Vladimir"]
[Black "Pehl, Ferenc"]
[Result "0-1"]
[WhiteElo "1072"]
[BlackElo "1058"]
[PlyCount "74"]
[EventDate "2022.11.09"]
[EventType "tourn (corr)"]
[EventRounds "6"]
[EventCountry "GER"]
[SourceTitle "Corr 2024"]
[Source "ChessBase"]
[SourceDate "2023.10.19"]
[SourceVersion "1"]
[SourceVersionDate "2023.10.19"]
[SourceQuality "1"]

1. e4 e5 2. Bc4 d6 3. Nf3 h6 4. d4 exd4 5. Nxd4 Bd7 6. Nc3 Nc6 7. 0-0 Be7 8. Nd5 Bf6 9. c3 Nxd4 10. cxd4 c6 11. Nxf6+ Nxf6 12. e5 Ne4 13. d5 0-0 14. e6 Be8 15. Qe2 Nf6 16. Rd1 fxe6 17. dxe6 Qe7 18. Re1 d5 19. Bd3 Rd8 20. Bd2 b6 21. Rac1 c5 22. b4 c4 23. Bb1 b5 24. f3 Nh7 25. Qe5 Rf6 26. Bc3 Rd6 27. Bf5 Bg6 28. Bh3 Ng5 29. Bg4 a6 30. Qe3 Rfxe6 31. Bxe6+ Nxe6 32. Bd4 Qd7 33. Bc5 d4 34. Qe5 Rc6 35. Rcd1 c3 36. Bxd4 c2 37. Qb8+ Rc8 0-1

[Event "LSS SF-2023-0-00530"]
[Site "LSS email"]
[Date "2023.02.16"]
[Round "?"]
[White "Shim Ng Min, Francis"]
[Black "Pehl, Ferenc"]
[Result "1-0"]
[WhiteElo "1095"]
[BlackElo "1058"]
[PlyCount "77"]
[EventDate "2022.11.09"]
[EventType "tourn (corr)"]
[EventRounds "6"]
[EventCountry "GER"]
[SourceTitle "Corr 2024"]
[Source "ChessBase"]
[SourceDate "2023.10.19"]
[SourceVersion "1"]
[SourceVersionDate "2023.10.19"]
[SourceQuality "1"]

1. e4 e5 2. Nf3 Nc6 3. Bb5 a6 4. Ba4 Nf6 5. 0-0 b5 6. Bb3 h6 7. Re1 d6 8. c3 Be7 9. h3 0-0 10. d4 exd4 11. cxd4 d5 12. Nc3 Be6 13. exd5 Nxd5 14. Nxd5 Bxd5 15. Bxd5 Qxd5 16. Be3 Bf6 17. Qd2 Rfd8 18. Red1 Ne7 19. a3 Nf5 20. Rac1 Nxe3 21. fxe3 Rac8 22. Rc5 Qxc5 23. dxc5 Rxd2 24. Rxd2 Kf8 25. b4 Ke7 26. Nd4 Bxd4 27. exd4 Kd7 28. d5 Re8 29. Kf2 Re5 30. g4 f6 31. d6 Re6 32. dxc7+ Kxc7 33. Re2 Rxe2+ 34. Kxe2 Kc6 35. Ke3 g6 36. h4 Kd5 37. Kf4 Ke6 38. h5 g5+ 39. Ke4 1-0

[Event "RE-2023-0-00231"]
[Site "LSS email"]
[Date "2023.01.27"]
[Round "?"]
[White "Nesbit, Andres"]
[Black "Pehl, Ferenc"]
[Result "1/2-1/2"]
[WhiteElo "1300"]
[BlackElo "1204"]
[PlyCount "31"]
[EventDate "2021.02.03"]
[EventType "tourn (corr)"]
[EventRounds "6"]
[EventCountry "GER"]
[SourceTitle "Corr 2024"]
[Source "ChessBase"]
[SourceDate "2023.10.19"]
[SourceVersion "1"]
[SourceVersionDate "2023.10.19"]
[SourceQuality "1"]

1. e4 e5 2. Nf3 Nc6 3. c3 d5 4. Qa4 f6 5. d3 dxe4 6. dxe4 a6 7. Be3 Bd7 8. Qc2 Bd6 9. Nbd2 Nge7 10. b4 0-0 11. Bc4+ Kh8 12. a3 Ng6 13. h4 Nf4 14. Kf1 Be6 15. Bxf4 Bxc4+ 16. Nxc4 1/2-1/2

[Event "RF-2023-0-00526"]
[Site "LSS email"]
[Date "2023.01.22"]
[Round "?"]
[White "Pehl, Ferenc"]
[Black "Jurik, Jimmy"]
[Result "1-0"]
[WhiteElo "1082"]
[BlackElo "1110"]
[PlyCount "109"]
[EventDate "2022.09.16"]
[EventType "tourn (corr)"]
[EventRounds "6"]
[EventCountry "GER"]
[SourceTitle "Corr 2024"]
[Source "ChessBase"]
[SourceDate "2023.10.19"]
[SourceVersion "1"]
[SourceVersionDate "2023.10.19"]
[SourceQuality "1"]

1. e4 c6 2. d4 d5 3. e5 Bf5 4. Bd3 Bxd3 5. Qxd3 e6 6. Nf3 Qa5+ 7. Bd2 Qa6 8. Qxa6 Nxa6 9. a3 c5 10. c3 cxd4 11. cxd4 Ne7 12. 0-0 Nc6 13. Be3 Nc7 14. Nc3 b5 15. Na2 h6 16. Rac1 Kd7 17. Rc2 a5 18. Rfc1 Ra6 19. h3 b4 20. axb4 axb4 21. b3 Be7 22. Bd2 Rb8 23. Rd1 Nb5 24. Be3 Rba8 25. Nc1 Ra1 26. Kh2 Rb1 27. Rg1 Bd8 28. Nd3 Rxg1 29. Nc5+ Kc7 30. Kxg1 Ra1+ 31. Kh2 Rd1 32. Na4 Rd3 33. Nc5 Rc3 34. Rb2 Nbxd4 35. Nxd4 Rxc5 36. Nxe6+ fxe6 37. Bxc5 Nxe5 38. Bxb4 Bf6 39. Rc2+ Kb6 40. Bc3 Kb5 41. Kg3 Nc6 42. Bxf6 gxf6 43. Kf4 e5+ 44. Kg4 d4 45. Kf5 Na5 46. Kxf6 e4 47. Ke5 d3 48. Rd2 Nxb3 49. Rd1 Nc5 50. Kd4 Kc6 51. f3 exf3 52. gxf3 Kd6 53. h4 d2 54. Kc4 Ne6 55. Rxd2+ 1-0

[Event "RE-2022-0-00230"]
[Site "LSS email"]
[Date "2022.11.19"]
[Round "?"]
[White "Pehl, Ferenc"]
[Black "Casas, Enrique"]
[Result "1/2-1/2"]
[WhiteElo "1241"]
[BlackElo "1283"]
[PlyCount "60"]
[EventDate "2020.12.25"]
[EventType "tourn (corr)"]
[EventRounds "6"]
[EventCountry "GER"]
[SourceTitle "Corr 2024"]
[Source "ChessBase"]
[SourceDate "2023.10.19"]
[SourceVersion "1"]
[SourceVersionDate "2023.10.19"]
[SourceQuality "1"]

1. e4 e5 2. Nf3 Nf6 3. Nxe5 d6 4. Nf3 Nxe4 5. Qe2 Qe7 6. d3 Nf6 7. Qxe7+ Bxe7 8. Be2 Bg4 9. Nc3 Nc6 10. 0-0 0-0-0 11. h3 Bd7 12. a3 h6 13. Re1 g5 14. Be3 g4 15. hxg4 Nxg4 16. Nd5 Nxe3 17. Nxe7+ Nxe7 18. fxe3 Nf5 19. Kf2 Rdg8 20. Rh1 Ng3 21. Rh2 h5 22. Nd4 Rg7 23. Bf3 Rhg8 24. Re1 f5 25. Ne2 Nxe2 26. Kxe2 Be8 27. Kf2 c6 28. Rg1 Rh8 29. Rh4 Rg5 30. Rgh1 Rhg8 1/2-1/2

[Event "RF-2022-0-00525"]
[Site "LSS email"]
[Date "2022.11.11"]
[Round "?"]
[White "Gnuva, Luca"]
[Black "Pehl, Ferenc"]
[Result "1/2-1/2"]
[WhiteElo "1162"]
[BlackElo "1082"]
[PlyCount "55"]
[EventDate "2022.09.09"]
[EventType "tourn (corr)"]
[EventRounds "6"]
[EventCountry "GER"]
[SourceTitle "Corr 2024"]
[Source "ChessBase"]
[SourceDate "2023.10.19"]
[SourceVersion "1"]
[SourceVersionDate "2023.10.19"]
[SourceQuality "1"]

1. e4 e5 2. Nf3 Nc6 3. Bb5 a6 4. Ba4 Nf6 5. 0-0 b5 6. Bb3 h6 7. c3 Na5 8. d3 Nxb3 9. Qxb3 d6 10. Re1 Be6 11. Qc2 c5 12. Be3 Be7 13. Nbd2 0-0 14. h3 Nh7 15. b3 Ng5 16. Nxg5 Bxg5 17. Bxg5 Qxg5 18. Nf3 Qe7 19. d4 cxd4 20. cxd4 Rfc8 21. Qd3 exd4 22. Nxd4 Qd7 23. Rac1 Rxc1 24. Rxc1 Rc8 25. Rxc8+ Qxc8 26. Nxe6 Qxe6 27. f3 Qe5 28. Qc2 1/2-1/2

[Event "RF-2022-0-00525"]
[Site "LSS email"]
[Date "2022.11.09"]
[Round "?"]
[White "Pehl, Ferenc"]
[Black "Zmolil, Karel"]
[Result "1-0"]
[WhiteElo "1082"]
[BlackElo "1030"]
[PlyCount "136"]
[EventDate "2022.09.09"]
[EventType "tourn (corr)"]
[EventRounds "6"]
[EventCountry "GER"]
[SourceTitle "Corr 2024"]
[Source "ChessBase"]
[SourceDate "2023.10.19"]
[SourceVersion "1"]
[SourceVersionDate "2023.10.19"]
[SourceQuality "1"]

1. e4 e5 2. Nf3 Nc6 3. c4 d6 4. h3 Be6 5. d3 h6 6. Be2 Be7 7. 0-0 Nf6 8. Nc3 Qd7 9. a3 0-0-0 10. Re1 Rdg8 11. Be3 Kb8 12. b4 Nd8 13. b5 g5 14. Nh2 Nh7 15. Bg4 f5 16. exf5 Bxf5 17. Bxf5 Qxf5 18. Ne4 Nf6 19. Nxf6 Qxf6 20. Qf3 Qxf3 21. Nxf3 g4 22. hxg4 Rxg4 23. Nh2 Rg6 24. g3 h5 25. Kf1 Rf8 26. Ke2 Ne6 27. Nf3 Rgf6 28. Nh4 Rg8 29. Rh1 Rg4 30. Nf3 Ng7 31. Bg5 Rf7 32. Bxe7 Rxe7 33. Rh4 Rxh4 34. Nxh4 Kc8 35. Rh1 c6 36. a4 Kc7 37. Rg1 Rf7 38. Nf3 Kb6 39. Nh4 Ne6 40. Nf3 Ka5 41. Ra1 Nc5 42. Rh1 Rf5 43. Nd2 Nxa4 44. Ra1 Kb4 45. Ne4 d5 46. bxc6 bxc6 47. Rb1+ Ka5 48. cxd5 cxd5 49. Nd6 Rf6 50. Nb7+ Ka6 51. Rb4 Rb6 52. Rxa4+ Kxb7 53. Ke3 a6 54. Rh4 a5 55. Rxh5 Re6 56. d4 a4 57. dxe5 a3 58. Kd4 a2 59. Rh7+ Kb6 60. Rh1 Kc7 61. Ra1 Ra6 62. Kxd5 Kd7 63. f4 Ra5+ 64. Kc4 Ra3 65. f5 Ra5 66. e6+ Ke7 67. g4 Ra4+ 68. Kb3 Rxg4 1-0

[Event "RF-2022-0-00526"]
[Site "LSS email"]
[Date "2022.11.09"]
[Round "?"]
[White "Pehl, Ferenc"]
[Black "Zmolil, Karel"]
[Result "1-0"]
[WhiteElo "1082"]
[BlackElo "1012"]
[PlyCount "69"]
[EventDate "2022.09.16"]
[EventType "tourn (corr)"]
[EventRounds "6"]
[EventCountry "GER"]
[SourceTitle "Corr 2024"]
[Source "ChessBase"]
[SourceDate "2023.10.19"]
[SourceVersion "1"]
[SourceVersionDate "2023.10.19"]
[SourceQuality "1"]

1. d4 d5 2. c4 dxc4 3. e4 Nf6 4. e5 Nd5 5. Bxc4 c6 6. h3 Bf5 7. Nc3 e6 8. Nxd5 exd5 9. Bd3 Qd7 10. Nf3 Be7 11. Bg5 Bxg5 12. Nxg5 h6 13. Nf3 Qe6 14. Bxf5 Qe7 15. 0-0 g6 16. Bd3 Nd7 17. Re1 Qe6 18. Qb3 b6 19. Rac1 Rc8 20. Rc2 0-0 21. Rec1 Nb8 22. Qa3 a5 23. b4 axb4 24. Qxb4 b5 25. a4 bxa4 26. Qxa4 Rc7 27. Rb1 Rfc8 28. Rcb2 Nd7 29. Rb7 Qe8 30. Rxc7 Rxc7 31. Qa6 g5 32. Bf5 Nf8 33. Rb7 Rxb7 34. Qxb7 Ne6 35. Nd2 1-0

[Event "LSS No Engine Cup 230 Preliminary 0"]
[Site "LSS email"]
[Date "2022.10.08"]
[Round "?"]
[White "Pehl, Ferenc"]
[Black "Kaupat, Thomas"]
[Result "1-0"]
[WhiteElo "1247"]
[BlackElo "1600"]
[PlyCount "21"]
[EventDate "2022.10.08"]
[EventType "tourn (corr)"]
[EventRounds "6"]
[EventCountry "GER"]
[SourceTitle "Corr 2024"]
[Source "ChessBase"]
[SourceDate "2023.10.19"]
[SourceVersion "1"]
[SourceVersionDate "2023.10.19"]
[SourceQuality "1"]

1. e4 e5 2. Nf3 Nf6 3. Nxe5 d6 4. Nf3 Nxe4 5. Qe2 Qe7 6. d3 Nf6 7. Qxe7+ Bxe7 8. Be2 0-0 9. 0-0 Nc6 10. Re1 Re8 11. Bd2 1-0

[Event "LSS SF-2022-0-00525"]
[Site "LSS email"]
[Date "2022.09.23"]
[Round "?"]
[White "Pehl, Ferenc"]
[Black "Beaver, Michael"]
[Result "1-0"]
[WhiteElo "1193"]
[BlackElo "1137"]
[PlyCount "63"]
[EventDate "2022.04.24"]
[EventType "tourn (corr)"]
[EventRounds "6"]
[EventCountry "GER"]
[SourceTitle "Corr 2024"]
[Source "ChessBase"]
[SourceDate "2023.10.19"]
[SourceVersion "1"]
[SourceVersionDate "2023.10.19"]
[SourceQuality "1"]

1. e4 e5 2. Nf3 Nc6 3. c4 Nf6 4. d3 Bc5 5. h3 0-0 6. Be2 d6 7. 0-0 a6 8. a3 b5 9. b3 b4 10. a4 a5 11. Bb2 Bd4 12. Nxd4 exd4 13. Bf3 Bb7 14. Re1 Re8 15. Ra2 h6 16. Ba1 Qd7 17. Rae2 g6 18. Qd2 h5 19. Qg5 Re6 20. Nd2 Qe7 21. e5 dxe5 22. Bxc6 Bxc6 23. Rxe5 Rxe5 24. Rxe5 Qd6 25. c5 Qd8 26. Qf4 Nd5 27. Qxd4 f6 28. Re1 g5 29. Ne4 Qf8 30. Qc4 Kg7 31. Nxf6 Nxf6 32. Re6 1-0

[Event "RE-2022-0-00230"]
[Site "LSS email"]
[Date "2022.09.11"]
[Round "?"]
[White "Lonyuk, Bohdan"]
[Black "Pehl, Ferenc"]
[Result "1-0"]
[WhiteElo "1393"]
[BlackElo "1241"]
[PlyCount "35"]
[EventDate "2020.12.25"]
[EventType "tourn (corr)"]
[EventRounds "6"]
[EventCountry "GER"]
[SourceTitle "Corr 2024"]
[Source "ChessBase"]
[SourceDate "2023.10.19"]
[SourceVersion "1"]
[SourceVersionDate "2023.10.19"]
[SourceQuality "1"]

1. c4 d5 2. cxd5 Qxd5 3. Nc3 Qd8 4. g3 Bd7 5. Bg2 Bc6 6. Nf3 Nf6 7. 0-0 e6 8. d3 h6 9. Rb1 a6 10. b4 Be7 11. a4 0-0 12. b5 axb5 13. axb5 Bd7 14. Ne5 c6 15. Nxd7 Qxd7 16. Qb3 c5 17. Bf4 b6 18. Bxa8 1-0

[Event "LSS SF-2022-0-00525"]
[Site "LSS email"]
[Date "2022.09.10"]
[Round "?"]
[White "Endean, Andrew"]
[Black "Pehl, Ferenc"]
[Result "1/2-1/2"]
[WhiteElo "1093"]
[BlackElo "1193"]
[PlyCount "59"]
[EventDate "2022.04.24"]
[EventType "tourn (corr)"]
[EventRounds "6"]
[EventCountry "GER"]
[SourceTitle "Corr 2024"]
[Source "ChessBase"]
[SourceDate "2023.10.19"]
[SourceVersion "1"]
[SourceVersionDate "2023.10.19"]
[SourceQuality "1"]

1. d4 d5 2. c4 e6 3. Nc3 c6 4. e3 dxc4 5. Bxc4 Nf6 6. Nf3 Nbd7 7. 0-0 Bb4 8. Bd2 0-0 9. a3 Ba5 10. Rc1 Bc7 11. Re1 Nb6 12. Ba2 Nfd5 13. Nxd5 Nxd5 14. Qc2 h6 15. h3 Qf6 16. e4 Nb6 17. Bc3 Qf4 18. Bd2 Qf6 19. Bb1 Qg6 20. Qb3 e5 21. d5 Bd7 22. Kh1 Bd6 23. dxc6 Bxc6 24. Kg1 Rac8 25. Ba5 Ba4 26. Qe3 Nc4 27. Qc3 Nb6 28. Qe3 Nc4 29. Qc3 Nb6 30. Qe3 1/2-1/2

[Event "RF-2022-0-00522"]
[Site "LSS email"]
[Date "2022.09.10"]
[Round "?"]
[White "Pehl, Ferenc"]
[Black "Koehler, Hans Christian"]
[Result "1/2-1/2"]
[WhiteElo "1193"]
[BlackElo "1161"]
[PlyCount "43"]
[EventDate "2022.03.06"]
[EventType "tourn (corr)"]
[EventRounds "6"]
[EventCountry "GER"]
[SourceTitle "Corr 2024"]
[Source "ChessBase"]
[SourceDate "2023.10.19"]
[SourceVersion "1"]
[SourceVersionDate "2023.10.19"]
[SourceQuality "1"]

1. e4 e5 2. Nf3 Nf6 3. Nxe5 d6 4. Nf3 Nxe4 5. Qe2 Qe7 6. d3 Nf6 7. Bg5 Qxe2+ 8. Bxe2 Be7 9. 0-0 0-0 10. Re1 Nc6 11. Nc3 Be6 12. d4 Nb4 13. Rac1 Nbd5 14. Nxd5 Nxd5 15. Bxe7 Nxe7 16. c4 Rfe8 17. h3 Bd7 18. b3 Ng6 19. Bd3 Rxe1+ 20. Rxe1 Re8 21. Bxg6 Rxe1+ 22. Nxe1 1/2-1/2

[Event "RF-2022-0-00523"]
[Site "LSS email"]
[Date "2022.09.10"]
[Round "?"]
[White "Zmolil, Karel"]
[Black "Pehl, Ferenc"]
[Result "1/2-1/2"]
[WhiteElo "1029"]
[BlackElo "1193"]
[PlyCount "67"]
[EventDate "2022.05.24"]
[EventType "tourn (corr)"]
[EventRounds "6"]
[EventCountry "GER"]
[SourceTitle "Corr 2024"]
[Source "ChessBase"]
[SourceDate "2023.10.19"]
[SourceVersion "1"]
[SourceVersionDate "2023.10.19"]
[SourceQuality "1"]

1. e4 e5 2. Nf3 Nc6 3. Bb5 a6 4. Ba4 Nf6 5. d3 b5 6. Bb3 h6 7. a3 d6 8. h3 Be7 9. Be3 0-0 10. 0-0 Be6 11. Nbd2 Bxb3 12. Nxb3 Re8 13. Nh2 Qd7 14. Nc1 Reb8 15. Ne2 Nh7 16. f4 exf4 17. Nxf4 Nf6 18. Qd2 Kh7 19. Rf2 Rg8 20. Raf1 Ne8 21. Nd5 f6 22. Nxe7 Qxe7 23. Qe2 Ne5 24. Qh5 c5 25. Ng4 Nxg4 26. hxg4 Qe5 27. Qxe5 dxe5 28. Bxc5 Nc7 29. Be3 Ne6 30. g3 Rgd8 31. Rd2 Nd4 32. Kg2 Rac8 33. Rff2 Rc6 34. Bxd4 1/2-1/2

[Event "SE-2022-0-00335"]
[Site "LSS email"]
[Date "2022.06.09"]
[Round "?"]
[White "Prokopets, Vasilij"]
[Black "Pehl, Ferenc"]
[Result "1-0"]
[WhiteElo "1375"]
[BlackElo "1222"]
[PlyCount "41"]
[EventDate "2021.10.09"]
[EventType "tourn (corr)"]
[EventRounds "6"]
[EventCountry "GER"]
[SourceTitle "Corr 2024"]
[Source "ChessBase"]
[SourceDate "2023.10.19"]
[SourceVersion "1"]
[SourceVersionDate "2023.10.19"]
[SourceQuality "1"]

1. e4 e5 2. Nf3 Nc6 3. d4 exd4 4. Nxd4 Qf6 5. Be3 Bc5 6. c3 Nxd4 7. Bxd4 Bxd4 8. cxd4 d6 9. Bd3 Qg6 10. 0-0 Qh6 11. Nc3 Bd7 12. Nd5 0-0-0 13. Rc1 c6 14. Qa4 Kb8 15. Qa5 Rc8 16. Ne3 Ne7 17. e5 d5 18. Rc3 Qg5 19. Ra3 a6 20. Bxa6 bxa6 21. Qb6+ 1-0

[Event "SE-2022-0-00025"]
[Site "LSS email"]
[Date "2022.06.03"]
[Round "?"]
[White "Grimm, Wolfgang"]
[Black "Pehl, Ferenc"]
[Result "1-0"]
[WhiteElo "1389"]
[BlackElo "1240"]
[PlyCount "49"]
[EventDate "2021.04.09"]
[EventType "tourn (corr)"]
[EventRounds "6"]
[EventCountry "GER"]
[SourceTitle "Corr 2024"]
[Source "ChessBase"]
[SourceDate "2023.10.19"]
[SourceVersion "1"]
[SourceVersionDate "2023.10.19"]
[SourceQuality "1"]

1. Nc3 d5 2. d4 f5 3. Nf3 Nc6 4. Bf4 a6 5. e3 h6 6. Ne5 Nxe5 7. dxe5 e6 8. Qh5+ Kd7 9. 0-0-0 Qe8 10. Qe2 g5 11. Bg3 h5 12. h4 g4 13. Bf4 Be7 14. Qd2 Qg6 15. Na4 b6 16. c4 Bb7 17. cxd5 exd5 18. Nc3 c6 19. Na4 Bd8 20. Qb4 c5 21. Nxc5+ Ke8 22. Nxb7 Qc6+ 23. Kb1 Qxb7 24. Qd6 Qe7 25. Qc6+ 1-0

[Event "SE-2022-0-00025"]
[Site "LSS email"]
[Date "2022.06.03"]
[Round "?"]
[White "Pehl, Ferenc"]
[Black "Grimm, Wolfgang"]
[Result "0-1"]
[WhiteElo "1240"]
[BlackElo "1389"]
[PlyCount "104"]
[EventDate "2021.04.09"]
[EventType "tourn (corr)"]
[EventRounds "6"]
[EventCountry "GER"]
[SourceTitle "Corr 2024"]
[Source "ChessBase"]
[SourceDate "2023.10.19"]
[SourceVersion "1"]
[SourceVersionDate "2023.10.19"]
[SourceQuality "1"]

1. e4 Nc6 2. d4 d5 3. e5 Bf5 4. a3 e6 5. Nf3 h6 6. Bb5 Qd7 7. 0-0 g5 8. Nc3 0-0-0 9. Be3 Nge7 10. Re1 a6 11. Ba4 Bg6 12. Nd2 h5 13. Bxg5 b5 14. Bb3 Nxd4 15. Bxe7 Bxe7 16. Nf3 Nxb3 17. cxb3 h4 18. h3 d4 19. Ne4 d3 20. Qd2 Qd5 21. Nc3 Qxb3 22. Rab1 Bf8 23. Qe3 Qc4 24. Rbd1 Kb8 25. Qg5 Bxa3 26. bxa3 Qxc3 27. Qe7 Bh5 28. Rc1 Qa5 29. Nd2 Rhe8 30. Qb4 Qxb4 31. axb4 Rd5 32. Re4 Red8 33. Rxh4 Rxe5 34. f3 Re2 35. Rd1 Bg6 36. Kf1 Kb7 37. Rh6 Kb6 38. h4 Rd4 39. g4 Rf4 40. Kg1 Rxd2 41. Rxd2 Rxf3 42. h5 Be4 43. Rh8 c5 44. bxc5+ Kxc5 45. h6 Rh3 46. Kf2 Kd4 47. Rd1 f6 48. Rg1 d2 49. Rd8+ Kc3 50. Rd6 Bd5 51. Rxa6 Kc2 52. Raa1 b4 0-1

[Event "SE-2022-0-00336"]
[Site "LSS email"]
[Date "2022.05.23"]
[Round "?"]
[White "Pehl, Ferenc"]
[Black "Grimm, Wolfgang"]
[Result "0-1"]
[WhiteElo "1258"]
[BlackElo "1398"]
[PlyCount "52"]
[EventDate "2022.01.10"]
[EventType "tourn (corr)"]
[EventRounds "6"]
[EventCountry "GER"]
[SourceTitle "Corr 2024"]
[Source "ChessBase"]
[SourceDate "2023.10.19"]
[SourceVersion "1"]
[SourceVersionDate "2023.10.19"]
[SourceQuality "1"]

1. e4 e6 2. d4 Nf6 3. e5 Nd5 4. c4 Nb6 5. c5 Nd5 6. Nc3 d6 7. Nxd5 exd5 8. exd6 cxd6 9. b4 Be7 10. h3 0-0 11. Nf3 Nc6 12. a3 a5 13. b5 Na7 14. a4 dxc5 15. dxc5 Bxc5 16. Be2 Qf6 17. Bd2 Qg6 18. Kf1 b6 19. Qc1 Re8 20. Ra2 Bb7 21. Qc2 Rxe2 22. Kxe2 Qxg2 23. Rh2 Re8+ 24. Kd1 Qxf3+ 25. Kc1 Rc8 26. Kb1 Bd6 0-1

[Event "RE-2022-0-00229"]
[Site "LSS email"]
[Date "2022.05.08"]
[Round "?"]
[White "Prokopets, Vasilij"]
[Black "Pehl, Ferenc"]
[Result "1-0"]
[WhiteElo "1336"]
[BlackElo "1222"]
[PlyCount "39"]
[EventDate "2020.11.28"]
[EventType "tourn (corr)"]
[EventRounds "6"]
[EventCountry "GER"]
[SourceTitle "Corr 2024"]
[Source "ChessBase"]
[SourceDate "2023.10.19"]
[SourceVersion "1"]
[SourceVersionDate "2023.10.19"]
[SourceQuality "1"]

1. e4 e5 2. Nc3 Nf6 3. d3 h6 4. f4 d6 5. f5 Nc6 6. Be3 a6 7. Nf3 Bd7 8. Be2 Qe7 9. a3 0-0-0 10. b4 Ng4 11. Nd5 Qe8 12. Bg1 Be7 13. c4 Nf6 14. b5 axb5 15. cxb5 Na5 16. b6 Ba4 17. Nxe7+ Kb8 18. bxc7+ Kxc7 19. Qc1+ Kb8 20. Qe3 1-0